000 00675nam a2200289Ia 4500
005 20260324141651.0
008 008 260324s9999 xx 000 0 eng d
020 _a9781315784960
037 _aEBOOK
040 _aCRL
040 _beng
040 _cCRL
041 _2eng
041 _aeng
084 _qCRL
100 _aVicki Bruce
_91209047
245 0 _aUnsolved Mysteries of The Mind
245 0 _bTutorial Essays In Cognition
260 _bTaylor and Francis
260 _c1996
365 _a
365 _b210
856 _uhttp://www.taylorfrancis.com/books/9781315784960
942 _cEBOOK
999 _c1812387
_d1812387